ऊर्जा के मूल स्त्रोत / (Record no. 112123)

MARC details
000 -LEADER
fixed length control field 00975nam a22002537a 4500
005 - DATE AND TIME OF LATEST TRANSACTION
control field 20170124102934.0
010 ## - LIBRARY OF CONGRESS CONTROL NUMBER
LC control number A-755871
020 ## - INTERNATIONAL STANDARD BOOK NUMBER
Terms of availability 150.00
035 ## - SYSTEM CONTROL NUMBER
System control number A-755871
037 ## - SOURCE OF ACQUISITION
Source of stock number/acquisition Cen Lib/Ret
040 ## - CATALOGING SOURCE
Original cataloging agency DPL
Language of cataloging HN
082 ## - DEWEY DECIMAL CLASSIFICATION NUMBER
Classification number 333.79
Item number सूथाग
100 ## - MAIN ENTRY--PERSONAL NAME
Personal name सूथा, गणेशदत्त
9 (RLIN) 9496
245 ## - TITLE STATEMENT
Title ऊर्जा के मूल स्त्रोत /
Statement of responsibility, etc गणेशदत्त सूथा
246 ## - VARYING FORM OF TITLE
Title proper/short title Oorja ke mool strot /
Remainder of title by Ganeshdutt Sootha
260 ## - PUBLICATION, DISTRIBUTION, ETC. (IMPRINT)
Name of publisher, distributor, etc इन्द्रप्रस्थ प्रकाशन
Date of publication, distribution, etc 1995
Place of publication, distribution, etc दिल्ली
270 ## - ADDRESS
Address के-71, कृष्ण नगर
City दिल्ली
Postal code 110051
300 ## - PHYSICAL DESCRIPTION
Extent 137पृ.
Dimensions 20सेमी (सजिल्द)
650 ## - SUBJECT ADDED ENTRY--TOPICAL TERM
Topical term or geographic name as entry element सौर ऊर्जा
9 (RLIN) 1054
650 ## - SUBJECT ADDED ENTRY--TOPICAL TERM
Topical term or geographic name as entry element पवन ऊर्जा
9 (RLIN) 1054
650 ## - SUBJECT ADDED ENTRY--TOPICAL TERM
Topical term or geographic name as entry element Solar energy
9 (RLIN) 14197
650 ## - SUBJECT ADDED ENTRY--TOPICAL TERM
Topical term or geographic name as entry element Wind energy
9 (RLIN) 46005
942 ## - ADDED ENTRY ELEMENTS (KOHA)
Source of classification or shelving scheme Dewey Decimal Classification
Koha item type Hindi Books
Classification part 333.79
Call number suffix सूथाग
Holdings
Withdrawn status Lost status Damaged status Not for loan Home library Current library Date acquired Source of acquisition Cost, normal purchase price Total Checkouts Full call number Barcode Date last seen Copy number Cost, replacement price Price effective from Koha item type
        Central Library Central Library 07/08/2015 Cen Lib/Ret 150.00   333.79 सूथाग A-755871 07/08/2015 1 150.00 07/08/2015 Hindi Books

© Delhi Public Library
Hit Counter
free hit counter